Loading...
Science - Chemistry | 4 | 5 | 1 | 1 | 105 | 25 | 55.11 | 8 | 9 |
Science - Physics | 2 | 7 | 0 | 0 | 100 | 44 | 73.56 | 4 | 9 |
Science - Other Science | 2 | 6 | 0 | 1 | 90 | 59 | 84.38 | 3 | 8 |
Philosophy | 1 | 7 | 0 | 2 | 85 | 68 | 97.25 | 3 | 8 |
History - World History | 1 | 6 | 0 | 1 | 75 | 57 | 110.00 | 1 | 7 |
Fine Arts - Visual Fine Arts | 2 | 4 | 2 | 0 | 60 | 41 | 98.50 | 5 | 6 |
Literature - European Literature | 0 | 6 | 0 | 2 | 60 | 80 | 127.67 | 2 | 6 |
Fine Arts - Auditory Fine Arts | 1 | 5 | 2 | 0 | 55 | 48 | 88.17 | 2 | 6 |
History - American History | 0 | 5 | 0 | 1 | 50 | 99 | 121.00 | 0 | 5 |
Literature - World Literature | 0 | 4 | 0 | 2 | 40 | 119 | 133.75 | 0 | 4 |
Literature - American Literature | 0 | 4 | 0 | 1 | 40 | 96 | 117.00 | 0 | 4 |
Mythology | 0 | 4 | 0 | 0 | 40 | 76 | 112.00 | 3 | 4 |
Fine Arts - Other Fine Arts | 0 | 4 | 1 | 1 | 35 | 95 | 130.75 | 1 | 4 |
Social Science | 0 | 4 | 2 | 0 | 30 | 76 | 96.25 | 2 | 4 |
Literature - British Literature | 0 | 3 | 0 | 0 | 30 | 86 | 107.00 | 1 | 3 |
Pop Culture | 0 | 3 | 0 | 0 | 30 | 130 | 134.00 | 0 | 3 |
Religion | 0 | 3 | 1 | 0 | 25 | 101 | 109.67 | 1 | 3 |
History - European History | 0 | 2 | 0 | 0 | 20 | 96 | 107.50 | 1 | 2 |
History - Other History | 0 | 2 | 1 | 0 | 15 | 101 | 112.50 | 1 | 2 |
Current Events | 1 | 0 | 0 | 0 | 15 | 39 | 39.00 | 1 | 1 |
Auditory Fine Arts (1900-1970) | 1 | 0 | 0 | 0 | 15 | 53 | 53.00 | 1 | 1 |
Religion- Edited | 0 | 1 | 0 | 0 | 10 | 84 | 84.00 | 1 | 1 |
Science - Biology | 0 | 1 | 2 | 0 | 0 | 66 | 66.00 | 1 | 1 |